Discrecionalidad administrativa y constitución /
Guardado en:
| Autor Principal: | |
|---|---|
| Formato: | Desconocido |
| Idioma: | Spanish |
| Publicado: |
Madrid :
Tecnos,
1995
|
| Series: | Temas clave de la Constitución Española
|
| Materias: | |
| Etiquetas: |
Agregar Etiqueta
Sin Etiquetas, Sea el primero en etiquetar este registro!
|
| LEADER | 00516nac a22001575a 4500 | ||
|---|---|---|---|
| 001 | DER.der001467 | ||
| 008 | 180615s1995####ag#||||||||||||||#||spa|| | ||
| 005 | 20251229161523.0 | ||
| 245 | 1 | 0 | |a Discrecionalidad administrativa y constitución / |c Miguel Beltrán de Felipe |
| 260 | |a Madrid : |b Tecnos, |c 1995 | ||
| 300 | |a 278 p. | ||
| 440 | 0 | |a Temas clave de la Constitución Española | |
| 020 | |a 8430927786 | ||
| 100 | 1 | |a Beltrán de Felipe, Miguel | |
| 650 | 7 | |a DERECHO CONSTITUCIONAL | |
| 859 | |a DERECHO |b BIB. DERECHO |h 342.02 |i BEL |p 003532 | ||
